00329nam a2200133Ia 4500008004100000020001500041041001200056100001300068245005800081250000800139260002500147300000800172650001500180221030s9999 xx 000 0 und d a8120351301 aEnglish aS. Kevin 0aSecurity Analysis & Portfolio Managementcby S. Kevin a2nd bPHIaNew Delhic2015 a344 aManagement